ბათუმის შოთა რუსთაველის სახელმწიფო უნივერსიტეტის ბიბლიოთეკა

Межвидовая гибридизация пшеницы (ბიბ.ჩანაწერი № 45616)

000 -LEADER
fixed length control field 00573nam a2200205Ia 4500
001 - CONTROL NUMBER
control field 12442
003 - CONTROL NUMBER IDENTIFIER
control field GE_BSU
008 - FIXED-LENGTH DATA ELEMENTS--GENERAL INFORMATION
fixed length control field 181216s||||||||xx |||||||||||||| ||und||
040 ## - CATALOGING SOURCE
Transcribing agency GE_BSU
080 ## - UNIVERSAL DECIMAL CLASSIFICATION NUMBER
Universal Decimal Classification number 633.11
100 ## - MAIN ENTRY--PERSONAL NAME
Personal name Наскидашвили,П.П.
245 ## - TITLE STATEMENT
Title Межвидовая гибридизация пшеницы
245 ## - TITLE STATEMENT
Statement of responsibility, etc. Ред.Т.В.Островская
260 ## - PUBLICATION, DISTRIBUTION, ETC.
Place of publication, distribution, etc. Москва
260 ## - PUBLICATION, DISTRIBUTION, ETC.
Name of publisher, distributor, etc. Колос
260 ## - PUBLICATION, DISTRIBUTION, ETC.
Date of publication, distribution, etc. 1984
300 ## - PHYSICAL DESCRIPTION
Extent 256стр.20см.
653 ## - INDEX TERM--UNCONTROLLED
Uncontrolled term Межвидовая гибридизация пшеницы
942 ## - ADDED ENTRY ELEMENTS (KOHA)
Koha item type წიგნი
ეგზემპლარები
Withdrawn status Lost status Damaged status Not for loan Date acquired Barcode Date last seen Price effective from Koha item type
        2018-12-17 20728 2018-12-17 2018-12-17 წიგნი